000 00962nam a2200253Ia 4500
999 _c37264
_d37264
001 3223
003 GE_BSU
005 20221101145038.0
008 181216s1997ru xx |||||||||||||| ||rus||
020 _a5851731125
040 _cGE_BSU
041 _arus
080 _a330.1(075.8) Х- 68
100 _aХовард, К.
_915693
245 _aЭкономическая теория:
_b Учебник для вузов=ECONOMIC THEOEY /
_cК. Ховард, Г.Журавлева, Н. Эриашвили , ред. Н.Д.Эриашвили.
264 _aМосква :
_bБанки и Биржы. ЮНИТИ,
_c1997.
300 _a278 ст.:
653 _aЭкономическая теория:
653 _aეკონომიკური თეორია
700 _aЖуравлева, Г.
_915694
700 _aЭриашвили, Н.
_96777
700 _aЭриашвили, Н.Д.
_eრედაქტორი
_96779
942 _cBK
_2udc